000 00323 a2200145 4500
001 172597
020 _a
040 _cMagnum
100 _aBueno, Maria Celia
240 1 0 _aZé caracol quer usar gravata
_lpor
245 1 0 _aZé caracol quer usar gravata
300 _a16
697 _aLITERATURA INFANTIL
942 _cBK
999 _c172597
_d172597